|
|
|
|
| LEADER |
00000cam a2200000 7i4500 |
| 001 |
0000004502 |
| 005 |
20240930.0 |
| 008 |
991220 ilua eng |
| 020 |
|
|
|a 0673156389
|
| 040 |
|
|
|a INS
|b eng
|e rda
|
| 090 |
0 |
0 |
|a HM251
|b .W3278 1984
|
| 100 |
1 |
|
|a Watson, David L. ,
|e author
|
| 245 |
1 |
0 |
|a Social psychology, science and application
|c David L. Watson, Joyce Frank, Gail deBortali-Tregerthen
|
| 264 |
|
1 |
|a Illionois :
|b Scott,Foresman and Company
|c c 1984
|
| 300 |
|
|
|a 584 pages :
|b illustrations ;
|c 24 cm.
|
| 336 |
|
|
|a text
|2 rdacontent
|
| 337 |
|
|
|a unmediated
|2 rdamedia
|
| 338 |
|
|
|a volume
|2 rdacarrier
|
| 504 |
|
|
|a Includes bibliographical references and index
|
| 650 |
|
0 |
|a Social psychology
|
| 650 |
|
0 |
|a Social psychology
|x case studies
|
| 700 |
1 |
|
|a deBortali-Tregerthen, Gail ,
|e author
|
| 700 |
1 |
|
|a Frank, Joyce ,
|e author
|
| 999 |
|
|
|a 0000003071
|b BOOK
|c Open Shelf
|e Default branch
|